Southville International School and Colleges

Exploring lifespan development / (Record no. 368206)

000 -LEADER
fixed length control field 00753nam a22002177a 4500
003 - CONTROL NUMBER IDENTIFIER
control field 0
005 - DATE AND TIME OF LATEST TRANSACTION
control field 20251009142043.0
008 - FIXED-LENGTH DATA ELEMENTS--GENERAL INFORMATION
fixed length control field 251009b xxu||||| |||| 00| 0 eng d
020 ## - INTERNATIONAL STANDARD BOOK NUMBER
International Standard Book Number 978-1-0718-9706-5
050 ## - LIBRARY OF CONGRESS CALL NUMBER
Classification number BF 713
Item number .B47 2023
100 ## - MAIN ENTRY--PERSONAL NAME
Personal name Berk, Laura E.,
Relator term author.
245 ## - TITLE STATEMENT
Title Exploring lifespan development /
Statement of responsibility, etc Laura E. Berk.
250 ## - EDITION STATEMENT
Edition statement Fourth edition.
260 ## - PUBLICATION, DISTRIBUTION, ETC. (IMPRINT)
Place of publication, distribution, etc Thausand Oaks, California :
Name of publisher, distributor, etc Sage Publications, Inc.
Date of publication, distribution, etc 2023.
300 ## - PHYSICAL DESCRIPTION
Extent xxvi, various pagination :
Other physical details colored illustrations ;
Dimensions 28 cm.
504 ## - BIBLIOGRAPHY, ETC. NOTE
Bibliography, etc Includes bibliographical references and index.
650 ## - SUBJECT ADDED ENTRY--TOPICAL TERM
Topical term or geographic name as entry element Developmental psychology.
650 ## - SUBJECT ADDED ENTRY--TOPICAL TERM
Topical term or geographic name as entry element Life cycle, Human
General subdivision Psychological aspects.
650 ## - SUBJECT ADDED ENTRY--TOPICAL TERM
Topical term or geographic name as entry element Human behavior
General subdivision Developmental aspects.
942 ## - ADDED ENTRY ELEMENTS (KOHA)
Source of classification or shelving scheme
Koha item type Books
Holdings
Current Location Date acquired Barcode Lost status Source of acquisition Shelving location Date last seen Source of classification or shelving scheme Koha item type Damaged status Full call number Sub Shelving location Price effective from Withdrawn status Permanent Location
College Library2025-06-04C25340 Library FundReserve Section2025-10-09 Books BF 713 .B47 2023 2025-10-09 College Library
Powered by Koha